100 Biggest Cities of Peru on a Map - Statistics

General Stats
  • This quiz has been taken 266 times
  • The average score is 30 of 100
Answers on the Map
Answers color-coded by a green-red scale on the quiz's map according to % correct below.
 
Answer Stats
Population City % Correct
11,166,200 Lima
99%
492,400 Cusco
92%
1,125,400 Arequipa
85%
1,025,100 Trujillo
81%
430,700 Iquitos
80%
325,700 Ica
66%
547,100 Piura
65%
334,000 Tacna
64%
663,200 Chiclayo
62%
450,900 Huancayo
60%
136,800 Puno
58%
395,100 Chimbote
53%
227,600 Cajamarca
52%
316,900 Juliaca
52%
240,100 Ayacucho
51%
110,600 Tumbes
49%
396,400 Pucallpa
48%
133,200 Huaraz
47%
221,300 Huánuco
46%
100,300 Puerto Maldonado
46%
81,600 Moquegua
42%
208,100 Sullana
42%
169,800 Tarapoto
41%
56,500 Huancavelica
39%
50,800 Nazca
38%
71,400 Ilo
37%
219,700 Chincha Alta
36%
172,700 Huacho
36%
82,100 Abancay
33%
82,600 Jaén
33%
89,700 Pisco
33%
98,900 Paita
32%
57,000 Moyobamba
31%
99,600 Talara
31%
61,100 Cerro de Pasco
30%
64,100 Barranca
29%
87,700 Huaral
28%
64,400 Andahuaylas
27%
39,600 Chachapoyas
27%
20,600 Santa
27%
72,300 Tingo María
26%
80,800 Yurimaguas
26%
52,000 Sicuani
25%
26,600 Mollendo
24%
22,100 Nauta
23%
73,700 San Vicente de Cañete
23%
52,900 Ferreñafe
22%
44,200 Zarumilla
22%
38,800 Chancay
21%
23,900 Chota
21%
54,900 El Pedregal
21%
48,200 Catacaos
20%
23,000 Huarmey
20%
33,300 Jauja
20%
27,100 Bagua
19%
37,300 Casma
19%
21,500 Ilave
19%
20,700 La Oroya
19%
29,300 Mala
19%
28,700 Nueva Cajamarca
19%
25,300 Quillabamba
19%
25,300 Requena
19%
23,500 Rioja
19%
41,900 Tarma
19%
33,300 Yauri
19%
23,300 Ayaviri
18%
20,800 | 24,700 Guadalupe
18%
35,600 Huanta
18%
39,800 Sechura
18%
37,300 Bagua Grande
17%
21,800 Azángaro
16%
40,500 Chepén
16%
44,600 Chulucanas
16%
20,900 Contamana
16%
26,200 La Merced
16%
33,100 Pacasmayo
16%
29,800 San Clemente
16%
23,500 San Ramón
16%
29,300 Satipo
16%
27,500 Supe
16%
28,600 Tambo Grande
16%
20,800 Cutervo
15%
27,600 La Arena
15%
21,300 Celendín
14%
51,300 Huamachuco
14%
20,800 La Unión
14%
24,400 Moche
14%
26,400 Monsefú
14%
22,900 Pimentel
14%
27,300 Tupac Amaru
14%
21,100 Aguaytía
13%
30,700 Juanjuí
13%
23,500 Miramar-Alto Salaverry
12%
24,200 Paiján
12%
46,000 Pichanaqui
12%
26,700 San Martín de Pangoa
12%
28,500 Laredo
11%
24,000 Sicaya
11%
25,300 Tumán
11%
No matching quizzes found
Score Distribution
Percent of People with Each Score
Percentile by Number Answered
Your Score History
You have not taken this quiz